000 01732cam a2200397 i 4500
001 1782
003 FISKH
005 20230929122328.0
008 141208t2016 nyua j b 001 0beng
010 _a 2014044749
020 _a9780531215982 (library binding)
020 _z9780531217603 (paperback)
040 _aDLC
_beng
_cDLC
_erda
_dDLC
042 _apcc
043 _an-us---
050 0 0 _aGV865.R6
_bG75 2016
082 0 0 _a796.357092
_aB
_223
100 1 _aGregory, Josh.
245 1 0 _aJackie Robinson /
_cJosh Gregory.
264 1 _aNew York :
_bScholastic,
_c2016.
300 _a48 pages :
_billustrations ;
_c22 cm.
336 _atext
_btxt
_2rdacontent
337 _aunmediated
_bn
_2rdamedia
338 _avolume
_bnc
_2rdacarrier
490 0 _aA True Book
504 _a
505 0 _aV
520 _aAs the first African American ever to play for a major league baseball team, Jackie Robinson helped change race relations in America forever. Readers (Grades 3-5) will learn about Robinson's early success as a versatile athlete and the difficulties he faced in an era of widespread prejudice and segregation. The will also find out how he came to break pro baseball's color barrier and how he used his fame to bring awareness to the civil rights movement.
521 1 _a850
_bLexile
521 1 _aV
_bRaz-Plus
600 1 0 _aRobinson, Jackie,
_d1919-1972.
650 0 _aAfrican American baseball players
_zUnited States
_vBiography
_vJuvenile literature.
906 _a7
_bcbc
_corignew
_d1
_eecip
_f20
_gy-gencatlg
942 _2ddc
_cBK
_n0
999 _c1782
_d1782